000
00223 a2200097 4500
001
14543
100
_a
Sadar-ud-Din Islahi
245
_a
Asas Din ki Tameer
260
_a
Lahore
_b
Islamic Publishers
_c
090
_c
11372
_d
11372
942
_a
NUST-CAE
_c
M
_c
1528
999
_c
249616
_d
249616